00378pab a2200133 454500008004000000100002100040245007400061260000900135300001400144362001200158650001800170700002300188773003300211180718b1997 xxu||||| |||| 00| 0 eng d aWeber, Edward P. aFrom agitation to collaboration: clearing the air through negotiation c1997 ap.396-410 aSep-Oct aAir pollution aKhademian, Anne M. aPublic Administration Review